| 000 | 00769nam a2200265Ia 4500 | ||
|---|---|---|---|
| 003 | OSt | ||
| 005 | 20221006152401.0 | ||
| 006 | a|||||r|||| 00| 0 | ||
| 007 | ta | ||
| 008 | 221006b |||||||| |||| 00| 0 eng d | ||
| 020 | _c1869.00 | ||
| 024 | _a26,953 | ||
| 037 | _cTextual | ||
| 040 |
_aEASL _cEASL _beng |
||
| 041 |
_2eng _aeng |
||
| 082 | _aV41:4(Y9(T)).N93, P2 | ||
| 100 | _aGOLDMAN Merle Ed. | ||
| 245 | 0 | _aIntellectual History of Modern China | |
| 260 |
_aCambridge _bCambridge University Press China _c2002 |
||
| 300 |
_a607p. _ccm. |
||
| 650 | _aIntellectuals - China | ||
| 700 |
_a LEE Leo Ou-Fan Ed. _9654265 |
||
| 942 |
_hV41:4(Y9(T)).N93, P2 _cTEXL _2CC |
||
| 999 |
_c1095039 _d1095039 |
||